| 000 | 00953cam a2200289 a 4500 | ||
|---|---|---|---|
| 001 | 3381201 | ||
| 003 | ARRUPE | ||
| 005 | 20240216100244.0 | ||
| 008 | 881110s1986 rh a bc 001 0 eng | ||
| 010 | _a 87980526 | ||
| 020 | _a0908306032 (pbk.) | ||
| 020 | _a0908306024 (hard) | ||
| 040 |
_aDLC _cDLC _dDLC |
||
| 043 | _af-rh--- | ||
| 050 | 0 | 0 |
_aNA1596.6.R52 _bH375 1986 |
| 082 | 0 | 0 |
_a720/.96891 _219 |
| 100 | 1 |
_aJackson, Peter, _d1949- _952470 |
|
| 245 | 1 | 0 |
_aHistoric buildings of Harare, 1890-1940 / _cPeter Jackson ; photographs by Neils Lassen. |
| 260 |
_aHarare, Zimbabwe : _bQuest Pub., _c1986. |
||
| 300 |
_ax, 134 p. : _bill. ; _c22 cm. |
||
| 500 | _aIncludes index. | ||
| 504 | _aBibliography: p. 130. | ||
| 650 | 0 |
_aArchitecture _zZimbabwe _zHarare _vCatalogs. _952471 |
|
| 651 | 0 |
_aHarare (Zimbabwe) _xBuildings, structures, etc. _vCatalogs. _952472 |
|
| 906 |
_a7 _bcbc _corignew _d3 _encip _f19 _gy-gencatlg |
||
| 942 |
_2lcc _cMONOGRAPH |
||
| 999 |
_c131807 _d131807 |
||